Đại số sơ cấp Giáo trình đào tạo giáo viên Trung học cơ sở hệ Cao đẳng sư phạm

Đã lưu trong:
Sonraí Bibleagrafaíochta
Príomhúdar: Hoàng, Kỳ
Formáid: Leabhar
Teanga:Undetermined
Foilsithe: H. Giáo dục 1999
Ábhair:
Rochtain Ar Líne:http://lrc.tdmu.edu.vn/opac/search/detail.asp?aID=2&ID=6054
Clibeanna: Cuir Clib Leis
Gan Chlibeanna, Bí ar an gcéad duine leis an taifead seo a chlibeáil!
Thư viện lưu trữ: Trung tâm Học liệu Trường Đại học Thủ Dầu Một
LEADER 00669nam a2200205Ia 4500
001 TDMU_6054
008 210410s9999 xx 000 0 und d
082 |a 512 
090 |b H407 
100 |a Hoàng, Kỳ 
245 0 |a Đại số sơ cấp 
245 0 |b Giáo trình đào tạo giáo viên Trung học cơ sở hệ Cao đẳng sư phạm 
245 0 |c Hoàng Kỳ 
260 |a H. 
260 |b Giáo dục 
260 |c 1999 
300 |a 236tr 
650 |a Đại số học  |v Giáo trình 
856 |u http://lrc.tdmu.edu.vn/opac/search/detail.asp?aID=2&ID=6054 
980 |a Trung tâm Học liệu Trường Đại học Thủ Dầu Một